000 00609nam a22002297a 4500
003 UA-OsUOA
001 80111
007 ta
008 20111129b un ||||| |||| 00| 0 ukr d
100 _aШиян А.
090 _a821.161.2
_bШ65
942 _cBK
040 _aUA-OsUOA
_bukr
_cUA-OsUOA
_dUA-OsUOA
245 _aТвори в двох томах
_bроман, повісті
_c1
300 _a678 с.
955 _a3
041 _aukr
080 _a821.161.2
260 _aК.
_bДніпро
_c1976
650 7 _a82 Література. Літературознавство
_2UDC
999 _c366419
_d366419